000 00840na a2200289 4500
001 22192
003 MIRAKIL
005 20181213155252.0
008 170211b tu 000 0
035 _a22192
040 _aMilas
_btur
_cTR-AnCHP
041 _atur
090 _aSHP 9
110 _aSosyaldemokrat Halkçı Parti (SHP)
222 _aSeçim bildirgeleri
245 _aSeçim bildirgesi
_cSHP
260 _a[Ankara]
_b[SHP]
_c[1992]
300 _a40 s.
_c28 sm.
610 _aSosyaldemokrat Halkçı Parti (SHP)
_xPropaganda ve ideolojiler
_yYerel seçimler, 1992
610 _aSosyaldemokrat Halkçı Parti (SHP)
_xSeçim bildirgesi
651 _aTürkiye
_xSiyaset ve yönetim
657 _aSHP bildirgeler
740 _a1992 yerel seçimleri
830 _aSHP bildirgeleri
942 _2ddc
_cBKS
999 _c9612
_d9612